Which is Mythical Pokémon? - Statistics

General Stats
  • This quiz has been taken 7 times
  • The average score is 7 of 17
Answers on the Grid
Answers color-coded by a green-red scale on the quiz's grid according to % correct below.
Arceus
Dialga
Mewtwo
Giratina
Heatran
Volcanion
Mesprit
Azelf
Uxie
Marshadow
Zarude
Kubfu
Phione
Meloetta
Floette
Pecharunt
Terapagos
Genesect
Victini
Shaymin
Yveltal
Cresselia
Diancie
Marshadow
Keldeo
Kyurem
Meltan
Manaphy
Celebi
Jirachi
 
Answer Stats
Answer % Correct
Genesect
60%
Shaymin
60%
Zarude
60%
Arceus
40%
Celebi
40%
Jirachi
40%
Keldeo
40%
Manaphy
40%
Marshadow
40%
Marshadow
40%
Meloetta
40%
Meltan
40%
Victini
40%
Diancie
20%
Pecharunt
20%
Phione
20%
Volcanion
20%
No matching quizzes found
Score Distribution
Percent of People with Each Score
Percentile by Number Answered
Your Score History
You have not taken this quiz